[Event "EU-chT Seniors"]
[Site "Vienna"]
[Date "2015.07.17"]
[Round "6.14"]
[White "Hallerod, Ralph"]
[Black "Hall, Richard VM"]
[Result "1/2-1/2"]
[WhiteElo "2065"]
[BlackElo "2150"]
[PlyCount "79"]
[EventDate "2015.07.12"]
[EventType "team-swiss"]
[EventRounds "9"]
[EventCountry "AUT"]
[SourceTitle "EXT 2018"]
[Source "ChessBase"]
[SourceDate "2017.10.13"]
[SourceVersion "1"]
[SourceVersionDate "2017.10.13"]
[SourceQuality "1"]
[WhiteTeam "Sweden II"]
[BlackTeam "England III"]
[WhiteTeamCountry "SWE"]
[BlackTeamCountry "ENG"]

1. d4 f5 2. c4 Nf6 3. Nf3 e6 4. g3 d5 5. Bg2 c6 6. 0-0 Bd6 7. Bf4 0-0 8. Nc3 Ne4 9. Bxd6 Qxd6 10. Ne5 Nd7 11. Nxd7 Nxc3 12. bxc3 Bxd7 13. c5 Qc7 14. f4 Qa5 15. Qd3 b6 16. cxb6 axb6 17. h3 Bc8 18. g4 Ba6 19. Qe3 Rfe8 20. Rf3 c5 21. Rg3 cxd4 22. cxd4 fxg4 23. Rxg4 Bc4 24. h4 Qa3 25. Qe5 Qe7 26. a4 Rf8 27. e4 Ra5 28. exd5 Bxd5 29. Bxd5 Rxd5 30. Qe4 Qf6 31. Re1 Qxd4+ 32. Qxd4 Rxd4 33. Rxe6 h5 34. Rg5 Rfxf4 35. Rxh5 Rb4 36. Rb5 Rxa4 37. h5 Rg4+ 38. Kf2 Ra5 39. Rbxb6 Rxh5 40. Rb7 1/2-1/2

[Event "London RAC Centenary sim"]
[Site "London"]
[Date "2011.04.16"]
[Round "2"]
[White "Hall, Richard VM"]
[Black "Speelman, Jonathan S"]
[Result "1-0"]
[WhiteElo "2150"]
[BlackElo "2521"]
[PlyCount "51"]
[EventDate "2011.04.16"]
[EventType "simul"]
[EventRounds "1"]
[EventCountry "ENG"]
[SourceTitle "CBM 141 Extra"]
[Source "ChessBase"]
[SourceDate "2011.05.03"]
[SourceVersion "1"]
[SourceVersionDate "2011.05.03"]
[SourceQuality "1"]

1. e4 g6 2. d4 Bg7 3. Nc3 c6 4. Be3 d5 5. e5 h5 6. Qd2 Nh6 7. Bd3 Nf5 8. Nf3 Nxe3 9. Qxe3 e6 10. Ng5 Bh6 11. h4 Qe7 12. Rh3 b6 13. a4 Ba6 14. Bxa6 Nxa6 15. Rf3 Nb4 16. 0-0-0 a6 17. Ne2 c5 18. Rf6 c4 19. Nf4 Bxg5 20. hxg5 0-0-0 21. Qa3 Rd7 22. c3 Nc6 23. Qxe7 Rxe7 24. Nxd5 Rb7 25. Ne3 Na5 26. d5 1-0

[Event "EU-chT Seniors 12th"]
[Site "Dresden"]
[Date "2010.02.14"]
[Round "5"]
[White "Hall, Richard VM"]
[Black "Kuehn, Peter1111"]
[Result "1-0"]
[WhiteElo "1840"]
[BlackElo "2019"]
[PlyCount "71"]
[EventDate "2010.02.10"]
[EventType "team-swiss"]
[EventRounds "9"]
[EventCountry "GER"]
[SourceTitle "CBM 134 Extra"]
[Source "ChessBase"]
[SourceDate "2010.03.03"]
[SourceVersion "1"]
[SourceVersionDate "2010.03.03"]
[SourceQuality "1"]
[WhiteTeam "Stadi (Seniors)"]
[BlackTeam "Mecklenburg Vorpommern Seniors II"]
[WhiteTeamCountry "FIN"]
[BlackTeamCountry "GER"]

1. d4 f5 2. Nc3 e6 3. e4 fxe4 4. Nxe4 Nf6 5. Bg5 Be7 6. Bxf6 Bxf6 7. Nf3 0-0 8. Bd3 d6 9. c3 e5 10. dxe5 dxe5 11. h3 Nc6 12. Qe2 Be6 13. Rd1 Qe7 14. b4 b6 15. Nxf6+ gxf6 16. Be4 Qe8 17. b5 Na5 18. Qc2 Qf7 19. Bxa8 Rxa8 20. 0-0 Bxa2 21. Qe4 Rf8 22. Rd2 Bb3 23. Nh4 f5 24. Qxe5 Nc4 25. Qg3+ Kh8 26. Rd4 Nd6 27. Qe5+ Kg8 28. Rf4 Bc4 29. Ra1 Re8 30. Qd4 Re4 31. Rxe4 fxe4 32. Rxa7 Qe7 33. g3 Bxb5 34. Qd5+ Kg7 35. Ra8 Qf7 36. Qg5+ 1-0

[Event "EU-chT Seniors 12th"]
[Site "Dresden"]
[Date "2010.02.12"]
[Round "3"]
[White "Hall, Richard VM"]
[Black "Blaeser, Romain"]
[Result "1/2-1/2"]
[WhiteElo "1840"]
[BlackElo "2163"]
[PlyCount "34"]
[EventDate "2010.02.10"]
[EventType "team-swiss"]
[EventRounds "9"]
[EventCountry "GER"]
[SourceTitle "CBM 134 Extra"]
[Source "ChessBase"]
[SourceDate "2010.03.03"]
[SourceVersion "1"]
[SourceVersionDate "2010.03.03"]
[SourceQuality "1"]
[WhiteTeam "Stadi (Seniors)"]
[BlackTeam "Luxembourg (Seniors)"]
[WhiteTeamCountry "FIN"]
[BlackTeamCountry "LUX"]

1. d4 c5 2. d5 Nf6 3. Nf3 g6 4. c4 b5 5. cxb5 a6 6. e3 axb5 7. Bxb5 Bg7 8. 0-0 0-0 9. Nc3 Ba6 10. Bxa6 Nxa6 11. Nd2 d6 12. Nc4 Qc7 13. e4 Rab8 14. Qe2 Nd7 15. f4 Nb6 16. Nxb6 Rxb6 17. a3 Rb3 1/2-1/2

[Event "EU-chT Seniors 12th"]
[Site "Dresden"]
[Date "2010.02.11"]
[Round "2"]
[White "Sorensen, Bent"]
[Black "Hall, Richard VM"]
[Result "1-0"]
[WhiteElo "2240"]
[BlackElo "1840"]
[PlyCount "67"]
[EventDate "2010.02.10"]
[EventType "team-swiss"]
[EventRounds "9"]
[EventCountry "GER"]
[SourceTitle "CBM 134 Extra"]
[Source "ChessBase"]
[SourceDate "2010.03.03"]
[SourceVersion "1"]
[SourceVersionDate "2010.03.03"]
[SourceQuality "1"]
[WhiteTeam "Denmark (Seniors)"]
[BlackTeam "Stadi (Seniors)"]
[WhiteTeamCountry "DEN"]
[BlackTeamCountry "FIN"]

1. Nf3 e6 2. g3 f5 3. Bg2 Nf6 4. 0-0 Be7 5. b3 0-0 6. Bb2 d6 7. d4 d5 8. Ne5 Nbd7 9. f3 Nxe5 10. dxe5 Nd7 11. e4 fxe4 12. fxe4 c6 13. Nd2 b6 14. Qe2 Bc5+ 15. Kh1 Bb7 16. exd5 cxd5 17. c4 Rxf1+ 18. Rxf1 Nf8 19. cxd5 Bxd5 20. Ne4 Qe7 21. Qg4 Kh8 22. Nd6 Bxg2+ 23. Kxg2 Bxd6 24. exd6 Qb7+ 25. Kh3 Rd8 26. Qg5 Re8 27. Qf4 Qc8 28. Rc1 Qd8 29. Rc7 e5 30. Bxe5 Ne6 31. Qg4 Ng5+ 32. Kg2 Qa8+ 33. Kg1 h6 34. Qd7 1-0